00604nam a2200121Ia 4500008004100000020001800041100001800059245011700077260002200194650001700216650020800233856004100441171212s9999 xx 000 0 und d a9781760460051 aFox, James J. cFox, James J.aMaster poets, ritual mastersbThe art of oral composition among the Rotenese of Eastern Indonesia bANU E Pressc2016 aAnthropology aFolk poetry, Indonesian -- Indonesia -- Rote Ndao; Oral tradition -- Indonesia -- Rote Ndao; Oral-formulaic analysis; Folk literature, Indonesian -- History and criticism; Rote Ndao (Indonesia) -- Poetry uhttp://jstor.org/stable/j.ctt1d10h31